Cartas de Africa (Registro nro. 35801)

Detalles MARC
000 -CABECERA
Longitud fija campo de control 00911nam a2200253 c 4500
003 - • IDENTIFICADOR DELl NÚMERO DE CONTROL
Identificador del número de control CO-ViMGA
005 - • FECHA Y HORA DE LA ÚLTIMA TRANSACCIÓN
Fecha y hora de la última transacción 20230915233140.0
008 - • CÓDIGOS DE INFORMACIÓN DE LONGITUD FIJA
Códigos de información de longitud fija 120109s2011 sp a | |||| 000 0 spa
020 ## - • NÚMERO INTERNACIONAL NORMALIZADO PARA LIBROS
Número Internacional Normalizado para Libros (ISBN) 9788493856878
040 ## - FUENTE DE LA CATALOGACIÓN
Centro catalogador de origen CO-ViMGA
Lengua de catalogación spa
Centro transcriptor CO-ViMGA
041 1# - • CÓDIGO DE LENGUA
Código de lengua original fre
082 04 - • NÚMERO DE LA CLASIFICACIÓN DECIMAL DEWEY
Número de clasificación (R) 846.8
Número del ítem R45c
100 1# - • PUNTO DE ACCESO PRINCIPAL-NOMBRE DE PERSONA
Nombre de persona Rimbaud, Arthur
Fechas asociadas al nombre 1854-1891
240 10 - • TÍTULO UNIFORME
Título uniforme <a href="Lettere dall'Africa">Lettere dall'Africa</a>
245 10 - • TITULO PROPIAMENTE DICHO
Título Cartas de Africa
Mención de responsabilidad, etc. Arthur Rimbaud ; ilustraciones de Hugo Pratt ; introduccion de Dominique y Nadine Petitfaux ; [traduccion, Paula Cifuentes]
300 ## - • DESCRIPCI&Oacute;N F&Iacute;SICA
Extensión 79 p. :
Otras características físicas il. col. ;
Dimensiones 28 cm.
490 0# - • MENCI&Oacute;N DE SERIE
Mención de serie Gallographics ;
Designación de volumen o secuencia 4
546 ## - • NOTA DEL IDIOMA
Nota de lengua Texto en francš y traduccin̤ al espaǫl; introduccin̤ en espaǫl
600 17 - • PUNTO DE ACCESO ADICIONAL DE MATERIA - NOMBRE DE PERSONA
Nombre de persona Rimbaud, Arthur
Fechas asociadas al nombre 1854-1891
Subdivisión de forma (R ) Correspondencia
700 1# - • PUNTO DE ACCESO ADICIONAL - NOMBRE DE PERSONA
Nombre de persona Pratt, Hugo
Fechas asociadas al nombre 1927-1995
942 ## - ENTRADA DE ELEMENTOS AGREGADOS (KOHA)
Fuente de clasificaión o esquema Dewey Decimal Classification
Koha [por defecto] tipo de item LIbro
Existencias
Perdido Fuente de clasificaci&oacute;n o esquema Estado Físico No para pr&eacute;stamo Forma de adquisición Localizaci&oacute;n permanente Localizaci&oacute;n actual Fecha adquisici&oacute;n Pr&eacute;stamos totales Signatura completa C&oacute;digo de barras Fecha &uacute;ltima consulta N&uacute;mero de copia Fecha del precio de reemplazo Tipo de item de Koha
  Dewey Decimal Classification     Sala General Segundo Piso Biblioteca Pública Germán Arciniegas - Villavicencio Biblioteca Pública Germán Arciniegas - Villavicencio 08/30/2016   846.8 R45c 30969 08/30/2016 Ej. 1 08/30/2016 LIbro









Instituto Departamental de Cultura del Meta - Red Departamental de Bibliotecas Públicas del Meta.